000
00276nam a22001337a 4500
008
211011b ||||| |||| 00| 0 eng d
041
_a
eng
080
_a
621
082
_a
621
100
_a
4
101
_a
SHM
245
_a
Basic Biomechanics
_c
Hall,S.J
942
_2
udc
_c
BK
999
_c
58157
_d
58157